Pays les plus proches de la Chine - Statistiques

Statistiques générales
  • Ce quiz a été pris 258 fois
  • Le résultat moyen est 20 sur 25
Statistiques - réponses
≈ km Réponse % Correct
800 Japon
97%
0 Corée du Nord
96%
303 Corée du Sud
96%
0 Russie
96%
0 Inde
95%
0 Mongolie
94%
0 Pakistan
89%
545 Thaïlande
89%
0 Viêt Nam
89%
0 Laos
88%
0 Népal
87%
1956 Indonésie
86%
0 Kazakhstan
85%
130 Taïwan
80%
0 Afghanistan
77%
100 Bangladesh
77%
0 Kirghizistan
75%
0 Tadjikistan
75%
0 Bhoutan
74%
0 Birmanie
74%
940 Philippines
74%
1560 Malaisie
72%
2385 Singapour
66%
3270 Sri Lanka
65%
1802 Brunei
51%
Aucun quiz correspondant
Distribution des résultats
% des personnes avec chaque résultat
Percentile par nombre de réponses
Votre historique - résultats
Vous n’avez pas pris ce quiz